SPOLOK SLOVENSKÝCH LEKÁROV V BRATISLAVE

Bibliographic Details
Main Author: Nikš, Milan, 1927-1979 (Author)
Format: Article
Language:Slovak

MARC

LEADER 00000nab a2200000ua 4500
001 vtls010757416
003 SK-MaSNL
005 20260305001713.0
008 250718s1954 xo |||||||||||||||||slo|
035 |a (urnnbn)urn:nbn:sk:snk:ar-a03cpa 
035 |a (uuid)b1aa0124-3212-4f5c-b706-aa4f3636b596 
035 |a urn:nbn:sk:snk-ab57el 
040 |a SNKBUCL  |b slo  |c SNKBUCL  |e AACR2 
041 0 |a slo 
044 |a xo  |c SK 
100 1 |a Nikš, Milan,  |d 1927-1979  |4 aut  |9 259070 
245 1 0 |a SPOLOK SLOVENSKÝCH LEKÁROV V BRATISLAVE  |c Nikš 
773 0 |t Bratislavské lekárske listy  |g Roč. 34, č. 1 (1954), s. 60-71 
850 |a Slovenská národná knižnica 
852 |a Slovenská národná knižnica 
954 |a odborná, vedecká literatúra pôvodná (slovenská)  |2 lita 
958 |a article3 
958 |a OND 
958 |a EUIPO 
999 |c 3220821  |d 3222751